| 000 | 01090nam a22002657a 4500 | ||
|---|---|---|---|
| 005 | 20140903111248.0 | ||
| 008 | 140607s2013 ck adb gr 00010 spa d | ||
| 020 | _a9789587615500 | ||
| 041 | _aspa | ||
| 044 | _ack | ||
| 082 | 0 | 4 |
_a584.92 _bZ94f |
| 100 | 1 |
_aZuloaga, Fernando O. _926337 |
|
| 245 | 1 | 0 |
_aFlora de Colombia : _b30. panicum (Poaceae) / _cFernando O. Zuloaga y Diego Giraldo-Cañas. |
| 260 |
_aBogotá _bUniversidad Nacional de Colombia. Facultad de Ciencias. _c2013. |
||
| 300 |
_a104 p. _bil., gráficas, mapas _c24 cm. |
||
| 520 | _aEl libro presenta el tratamiento taxonómico de las especies del género Panicum (Poaceae, Panicoideae, Paniceae), que crecen en Colombia. Presenta 30 especies y claves para su determinación. | ||
| 650 | 4 |
_aPanicum máximun _x Taxonomía _926338 |
|
| 650 | 4 |
_aPlantas forrajeras _zColombia _926339 |
|
| 650 | 4 |
_aFlora _zColombia _926340 |
|
| 700 | 1 |
_aGiraldo-Cañas, Diego. _910850 |
|
| 700 | 1 |
_aBetancur, Julio, _eed. _94620 |
|
| 700 | 1 |
_aGaleano, Gloria, _eed. _9443 |
|
| 700 | 1 |
_aAguirre, Jaime, _eed. _926341 |
|
| 942 |
_2ddc _cLIBRO |
||
| 999 |
_c8656 _d8656 |
||